000 01765nam0a2200349 4500
001 RU\NLR\bibl\1005391
005 20260409063501.0
010 _a5-94087-7326-X
_93000
021 _aRU
_b2006-60766
_93021
035 _a(NLR Aleph) 000993054
090 _a531006
_c531006
100 _a20061110d2006 |||y0rusy50 ca
101 0 _arus
102 _aRU
105 _ay |||||||||
200 1 _aЖилищные отношения и право собственности на жилье
_eсборник нормативных актов
205 _a[3-е изд., испр. и доп.]
210 _aНовосибирск
_cСибирское университетское издательство
_d2006
215 _a521, [1] с.
_d21
225 1 _aСерия: Кодексы и законы России
604 _171001$aРоссийская Федерация
_150011$aЖилищный кодекс$2nlr_sh2$3RU\NLR\AUTH\661259622
_aРоссийская Федерация
_tЖилищный кодекс
_92083558
_3RU\NLR\AUTH\661259622
606 1 _aЖилая площадь
_jЗаконодательные материалы
_xПраво собственности
_yРоссийская Федерация
_92139898
_3RU\NLR\auth\661289893
606 1 _aЖилая площадь
_jЗаконодательные материалы
_yРоссийская Федерация
_92166347
_3RU\NLR\auth\661303436
686 _aХ623.141-39(2Р)21
686 _aХ623.211.33-39(2Р)21
741 1 _aРоссийская Федерация
_tЗаконы
_iЖилищный кодекс
_3RU\NLR\AUTH\880379479
_9425342
801 0 _aRU
_bNLR
_c20060417
_grcr
801 1 _aRU
_bNLR
_c20060417
942 _cBOOK
980 _aNB